Not of This World = Fuori dal mundo /
El quinto largometraje dirigido por el italiano Giuseppe Piccioni tiene como punto de partida un bebé abandonado, que un transeúnte anónimo pone en las manos de una novicia en un parque. La religiosa, quien está próxima a tomar sus votos definitivos y estudia español para marchar a Latinoamérica, ve...
Збережено в:
| Автор: | |
|---|---|
| Інші автори: | , , , , , , , , , , |
| Формат: | |
| Мова: | Італійська мова |
| Опубліковано: |
Milán, Italia :
Lumière and Company,
1998, c1998
|
| Серія: | (Accent Cinema Collection)
|
| Предмети: | |
| Теги: |
Немає тегів, Будьте першим, хто поставить тег для цього запису!
|
MARC
| LEADER | 00000ngm^a2200000^a^4500 | ||
|---|---|---|---|
| 001 | 000183598 | ||
| 005 | 20250521000000.0 | ||
| 009 | 20260310102047.915 | ||
| 020 | |a 0-9725-2031-7 | ||
| 037 | |a Acervo ITESO - Biblioteca | ||
| 041 | |a ITA | ||
| 082 | |a 850. |b PIC | ||
| 100 | |a Piccioni, Giuseppe |e (realización) | ||
| 240 | 1 | 1 | |a [Fuera del mundo] |
| 245 | 1 | 0 | |a Not of This World = |b Fuori dal mundo / |c Realización de G. Piccioni. |
| 246 | 2 | |a Título de exhibición cinematográfica en México: Fuera del mundo | |
| 264 | 4 | |a Milán, Italia : |b Lumière and Company, |c 1998, c1998 | |
| 264 | 2 | |a Chicago, EUA : |b Facets Video [distribución], |c fecha no identificada | |
| 300 | |a 1 DVD región 1 |c (97, 8 min.) | ||
| 336 | |a imagen móvil bidimensional |b tdi |2 rdacontenido | ||
| 337 | |a video |b v |2 rdamedio | ||
| 338 | |a videodisco |b vd |2 rdasoporte | ||
| 440 | 1 | |a (Accent Cinema Collection) | |
| 520 | |a El quinto largometraje dirigido por el italiano Giuseppe Piccioni tiene como punto de partida un bebé abandonado, que un transeúnte anónimo pone en las manos de una novicia en un parque. La religiosa, quien está próxima a tomar sus votos definitivos y estudia español para marchar a Latinoamérica, ve su vocación y certezas sobre el futuro trastornadas, pero intenta encontrar a los padres del niño y una etiqueta en el suéter que la arropa la conduce a una tintorería. El melancólico y maduro propietario del negocio reconoce la prenda como suya y decide ayudar a la novicia. Ambos desarrollan una amistad especial, que aumenta las dudas en la religiosa, al tiempo que emergen las figuras de una adolescente errante y desencantada y de un afectuoso policía como parte de la geometría vinculada al bebé. | ||
| 546 | |a En italiano, con subtítulos en inglés | ||
| 586 | |a Premio David di Donatello, de la Academia Italiana de Cine (44°: 1999): Mejor Película (ganadora) | ||
| 586 | |a Premio David di Donatello, de la Academia Italiana de Cine (44°: 1999): Mejor Dirección (finalista: Giuseppe Piccioni) | ||
| 586 | |a Premio David di Donatello, de la Academia Italiana de Cine (44°: 1999): Película con más candidaturas finalistas (9) | ||
| 649 | |a XX | ||
| 650 | |a Monjas en el Cine | ||
| 650 | |a Mujeres en el Cine | ||
| 650 | |a Melodramas | ||
| 650 | |a Dramas Cinematográficos | ||
| 650 | |a Making Of (Documentales detrás de Cámaras) | ||
| 650 | |a Cine Italiano - |y 1990-1999 | ||
| 650 | |a Cine Italiano - |y Siglo XX | ||
| 650 | |a Maternidad | ||
| 650 | |a Relaciones Padres-Hijos | ||
| 650 | |a Vocación Religiosa | ||
| 650 | |a Religión | ||
| 740 | 0 | |a On the Set of Not of This World = |b Sul set di___ Fuori dal mondo / |c Prod. De L. Cerri. | |
| 700 | |a Piccioni, Giuseppe |e (guión) | ||
| 700 | |a Rosella, Gualtiero |e (guión) | ||
| 700 | |a Zei, Lucia Maria |e (guión) | ||
| 700 | |a Bigazzi, Luca |e (fotógrafo) | ||
| 700 | |a Calabria, Esmeralda |e (montaje) | ||
| 700 | |a Einaudi, Ludovico |e (música) | ||
| 700 | |a Buy, Margherita |e (actuación) | ||
| 700 | |a Orlando, Silvio |e (actuación) | ||
| 700 | |a Freschi, Carolina |e (actuación) | ||
| 700 | |a Cerri, Lionello |e (producción) | ||
| 700 | |a Fornasier, Paola |e (montaje) | ||
| 910 | |a Fondo General | ||
| 920 | |a Audiovisuales - DVDs | ||
| 940 | |a Películas | ||
| 905 | |a 302 | ||
| 901 | |a 0500088670 |b IT2 |c DVS |u 20250521 | ||
| 902 | |a https://opac.biblio.iteso.mx/vufind/Record/000183598 | ||